000 00316nam a2200133Ia 4500
008 260604s9999 xx 000 0 und d
020 _a9780340894552
082 _a823.91 BLY
100 _aEnid Blyton
_935386
245 0 _aFAMOUS FIVE:02:FICE GO ADVENTURING AGAIN
260 _bH&S
500 _aStory
942 _cBK
999 _c8199
_d8199